| 000 | 00361cam a22001217a 4500 | ||
|---|---|---|---|
| 008 | 180718b1970 xxu||||| |||| 00| 0 eng d | ||
| 082 | _aA81x54 In2/61/1/PT9 | ||
| 100 | _aCensus of India 1961 | ||
| 245 | _aIndia: census atlas | ||
| 260 |
_aDelhi _bThe Manager of Publications _c1970 |
||
| 300 | _a423+p. | ||
| 440 | _aCensus of India 1961. Volume I, India. Part IX | ||
| 999 |
_c483963 _d483963 |
||